Länder der Besatzungszonen in Deutschland - Statistiken

Allgemein
  • Dieses Quiz wurde 20 mal gespielt
  • Das Durchschnittsergebnis liegt bei 15 aus 24
Antwortstatistiken
Besatzungszone Länder % Korrekt
US-Amerikanische Besatzungszone Bayern
94%
Sowjetische Besatzungszone Sachsen
94%
Britische Besatzungszone Berlin
88%
Französische Besatzungszone Berlin
88%
Sowjetische Besatzungszone Berlin
88%
US-Amerikanische Besatzungszone Berlin
88%
Sowjetische Besatzungszone Brandenburg
88%
US-Amerikanische Besatzungszone Hessen
88%
Britische Besatzungszone Nordrhein-Westfalen
88%
Sowjetische Besatzungszone Thüringen
88%
Französische Besatzungszone Rheinland-Pfalz
81%
Sowjetische Besatzungszone Sachsen-Anhalt
81%
Britische Besatzungszone Schleswig-Holstein
81%
Sowjetische Besatzungszone Mecklenburg-Vorpommern
75%
US-Amerikanische Besatzungszone Bremen
69%
Britische Besatzungszone Hamburg
69%
Britische Besatzungszone Hannover
44%
Britische Besatzungszone Braunschweig
25%
Britische Besatzungszone Oldenburg
13%
Französische Besatzungszone Südbaden
13%
Britische Besatzungszone Lippe
6%
Französische Besatzungszone Württemberg-Hohenzollern
6%
Britische Besatzungszone Schaumburg-Lippe
0%
US-Amerikanische Besatzungszone Württemberg-Baden
0%
Keine übereinstimmenden Quizze gefunden
Verteilung der Resultate
Anzahl Personen mit jedem Resultat
Perzentil nach korrekt beantworteten Fragen
Ihre Resultats-Entwicklung
Sie haben dieses Quiz noch nicht gespielt